| 000 | 01865nam0a2200313 4500 | ||
|---|---|---|---|
| 001 | RU\NLR\bibl\967337 | ||
| 005 | 20260407091755.0 | ||
| 010 |
_a5-87445-046-7 _9500 |
||
| 021 |
_aRU _b2006-53829 _92662 |
||
| 035 | _a(NLR Aleph) 000955318 | ||
| 090 |
_a305464 _c305464 |
||
| 100 | _a20060713d2006 |||y0rusy50 ca | ||
| 101 | 0 | _arus | |
| 102 | _aRU | ||
| 105 | _ay ||||||||| | ||
| 200 | 1 |
_aПрофилактика и коррекция поведения "трудного подростка" _eучебно-методическое пособие _fМ-во образования и науки Рос. Федерации, Федер. агентство по образованию, Гос. образоват. учреждение Ин-т повышения квалификации специалистов проф. образования _g[Радевская Наталья Станиславовна, Павлова Ирина Ричардовна] |
|
| 210 |
_aСанкт-Петербург _cФирма "Стикс" _d2006 |
||
| 215 |
_a159 с. _d21 |
||
| 320 | _aБиблиогр.: с. 155-158 (42 назв.) | ||
| 606 | 1 |
_aПодростки _jУчебно-методические пособия _xОтклоняющееся поведение _xСоциально-психологические исследования _92139067 _3RU\NLR\auth\661289500 |
|
| 686 | _aС550.325.2я7 | ||
| 686 | _aЮ983.402.2я7 | ||
| 702 | 1 |
_aРадевская _bН. С. _gНаталья Станиславовна _4220 |
|
| 712 | 0 | 2 |
_4570 _aИнститут повышения квалификации специалистов профессионального образования _cСанкт-Петербург _3RU\NLR\AUTH\8810049505 _9599139 |
| 801 | 0 |
_aRU _bNLR _c20060713 _grcr |
|
| 801 | 1 |
_aRU _bNLR _c20060713 |
|
| 942 | _cBOOK | ||
| 980 | _aNB | ||